Indian financial system (Record no. 5558)

MARC details
000 -LEADER
fixed length control field 00527cam a2200205ua 4500
001 - CONTROL NUMBER
control field 6414
005 - DATE AND TIME OF LATEST TRANSACTION
control field 20260515114039.0
008 - FIXED-LENGTH DATA ELEMENTS--GENERAL INFORMATION
fixed length control field 140705n ii |||gr||||Z||||||eng
020 ## - INTERNATIONAL STANDARD BOOK NUMBER
International Standard Book Number 81-272-1301-2
040 ## - CATALOGING SOURCE
Transcribing agency MAIN
082 ## - DEWEY DECIMAL CLASSIFICATION NUMBER
Classification number 332.0954
245 ## - TITLE STATEMENT
Title Indian financial system
Statement of responsibility, etc. By Vaman R. Naik
250 ## - EDITION STATEMENT
Edition statement 2nd rev. ed.
260 ## - PUBLICATION, DISTRIBUTION, ETC.
Place of publication, distribution, etc. Ludhiana:
Name of publisher, distributor, etc. Kalyani publishers,
Date of publication, distribution, etc. 2004.
300 ## - PHYSICAL DESCRIPTION
Extent x,212p.
653 ## - INDEX TERM--UNCONTROLLED
Uncontrolled term Financial economics
653 ## - INDEX TERM--UNCONTROLLED
Uncontrolled term Indian financial system
700 ## - ADDED ENTRY--PERSONAL NAME
Personal name Naik,Vaman R.,
Relator term Author.,
942 ## - ADDED ENTRY ELEMENTS (KOHA)
Koha item type Books
Holdings
Withdrawn status Lost status Damaged status Not for loan Home library Current library Shelving location Date acquired Total checkouts Full call number Barcode Date last seen Copy number Price effective from Koha item type
        Naharkatiya College Library Naharkatiya College Library General stacks 09/19/2020   332.0954 | NAI 1627 09/19/2020 1 09/19/2020 Books